header

"Dew on the grass" (Record no. 120746)

MARC details
000 -LEADER
fixed length control field 01869nam a2200373 a 4500
082 04 - DEWEY DECIMAL CLASSIFICATION NUMBER
Classification number 891.72/3
100 1# - MAIN ENTRY--AUTHOR NAME
Personal name Lapushin, Radislav.
245 10 - TITLE STATEMENT
Title "Dew on the grass"
260 ## - PUBLICATION, DISTRIBUTION, ETC. (IMPRINT)
Place of publication New York :
Name of publisher Peter Lang,
Year of publication c2010.
300 ## - PHYSICAL DESCRIPTION
Number of Pages xiv, 210 p. :
Other physical details ill.
490 1# - SERIES STATEMENT
Series statement Middlebury studies in Russian language and literature,
505 0# - FORMATTED CONTENTS NOTE
Formatted contents note pt. 1. The concept of inbetweenness and the poetry of Chekhov's prose -- pt. 2. Amidst the shades of meaning : the immediate textual context -- pt. 3. Amidst the shades of meaning : the context of the entire work -- pt. 4. Between the "ocean" and the "sky" : Chekhov's spatial rhymes.
650 #0 - SUBJECT ADDED ENTRY--TOPICAL TERM
Topical Term Intermediality.
856 40 - ELECTRONIC LOCATION AND ACCESS
Uniform Resource Identifier http://site.ebrary.com/lib/rucke/Doc?id=10516888

No items available.

© 2026 Rongo University
Contact us: librarian | system librarian | Rongo university